Library Logo

State of urban services in India's cities (Record no. 38421)

000 -LEADER
fixed length control field 01349nam a2200301 a 4500
001 - CONTROL NUMBER
control field EDZ0000091667
003 - CONTROL NUMBER IDENTIFIER
control field StDuBDS
005 - DATE AND TIME OF LATEST TRANSACTION
control field 20150804193946.0
006 - FIXED-LENGTH DATA ELEMENTS--ADDITIONAL MATERIAL CHARACTERISTICS
fixed length control field m||||||||d||||||||
007 - PHYSICAL DESCRIPTION FIXED FIELD--GENERAL INFORMATION
fixed length control field cr||||||||||||
008 - FIXED-LENGTH DATA ELEMENTS--GENERAL INFORMATION
fixed length control field 120702s2010 enka fo| 001 0 eng|d
020 ## - INTERNATIONAL STANDARD BOOK NUMBER
International Standard Book Number 9780199081264 (ebook) :
Terms of availability No price
040 ## - CATALOGING SOURCE
Original cataloging agency StDuBDS
Transcribing agency StDuBDS
050 #0 - LIBRARY OF CONGRESS CALL NUMBER
Classification number HD4699
Item number .S753 2010
082 04 - DEWEY DECIMAL CLASSIFICATION NUMBER
Classification number 363.60954
Edition number 23
100 1# - MAIN ENTRY--PERSONAL NAME
Personal name Sridhar, Kala Seetharam,
Dates associated with a name 1966-
245 10 - TITLE STATEMENT
Title State of urban services in India's cities
Medium [electronic resource] :
Remainder of title spending and financing /
Statement of responsibility, etc. Kala Seetharam Sridhar, A. Venugopala Reddy.
260 ## - PUBLICATION, DISTRIBUTION, ETC. (IMPRINT)
Place of publication, distribution, etc. Oxford :
Name of publisher, distributor, etc. Oxford University Press,
Date of publication, distribution, etc. c2010.
300 ## - PHYSICAL DESCRIPTION
Extent 1 online resource (xviii, 142 p.) :
Other physical details ill.
504 ## - BIBLIOGRAPHY, ETC. NOTE
Bibliography, etc Includes bibliographical references and index.
520 8# - SUMMARY, ETC.
Summary, etc. Using case studies from Ahmedabad, Kolkata, Jaipur and Bangalore, this book examines the causes of poor public service delivery in India's cities with specific reference to finances and institutional factors.
588 ## - SOURCE OF DESCRIPTION NOTE
Source of description note Description based on print version record.
650 #0 - SUBJECT ADDED ENTRY--TOPICAL TERM
Topical term or geographic name as entry element Municipal services
Geographic subdivision India.
650 #0 - SUBJECT ADDED ENTRY--TOPICAL TERM
Topical term or geographic name as entry element Municipal services
Geographic subdivision United States
Form subdivision Case studies.
700 1# - ADDED ENTRY--PERSONAL NAME
Personal name Reddy, A. Venugopal.
776 08 - ADDITIONAL PHYSICAL FORM ENTRY
Relationship information Print version
International Standard Book Number 9780198065388
856 40 - ELECTRONIC LOCATION AND ACCESS
Materials specified Oxford scholarship online
Uniform Resource Identifier http://dx.doi.org/10.1093/acprof:oso/9780198065388.001.0001

No items available.

Last Updated on September 15, 2019
© Dhaka University Library. All Rights Reserved|Staff Login